header

Visualizing anthropology (Record no. 42089)

MARC details
000 -LEADER
fixed length control field 01111nam a2200313Ia 4500
082 04 - DEWEY DECIMAL CLASSIFICATION NUMBER
Classification number 301
245 00 - TITLE STATEMENT
Title Visualizing anthropology
260 ## - PUBLICATION, DISTRIBUTION, ETC. (IMPRINT)
Place of publication Bristol :
Name of publisher Intellect,
Year of publication 2005.
300 ## - PHYSICAL DESCRIPTION
Number of Pages xi, 167 p.
650 #0 - SUBJECT ADDED ENTRY--TOPICAL TERM
Topical Term Visual anthropology.
Topical Term Anthropology.
700 1# - ADDED ENTRY--PERSONAL NAME
Personal name Grimshaw, Anna.
Personal name Ravetz, Amanda.
856 40 - ELECTRONIC LOCATION AND ACCESS
Uniform Resource Identifier http://site.ebrary.com/lib/rucke/Doc?id=10069606

No items available.

© 2026 Rongo University
Contact us: librarian | system librarian | Rongo university